| 000 | 01243nam0a2200349 4500 | ||
|---|---|---|---|
| 001 | RU\NLR\bibl\300817 | ||
| 005 | 20260406112715.0 | ||
| 010 |
_a5-8138-0386-6 _bВ пер. _921000 |
||
| 021 |
_aRU _b2002-20939 _91052 |
||
| 035 | _a(NLR Aleph) 000296039 | ||
| 090 |
_a1733909 _c1733909 |
||
| 100 | _a20020828d2002 |||y0rusy50 ca | ||
| 101 | 0 | _arus | |
| 102 | _aRU | ||
| 105 | _aa ||||||||| | ||
| 200 | 1 |
_aЗаяц-симулянт _eСказки _e[Для мл. шк. возраста] _eСергей Михалков _g[Худож. С. Самсоненко] |
|
| 210 |
_aСмоленск _cРусич _d2002 |
||
| 215 |
_a63,[1] с. _cцв. ил. _d17 |
||
| 225 | 1 | _aЧитаем сами | |
| 610 | 0 | _aСказки русские (д. л.) | |
| 675 |
_a821.161.1-93Михалков _v3 _zrus |
||
| 686 |
_a17.82.93 _2rugasnti |
||
| 686 |
_a84(2Рос-Рус)6-44 _2rubbk |
||
| 686 | _aШ9(2)60=Р7-2 | ||
| 700 | 1 |
_4070 _7ca _8rus _aМихалков _bС. В. _cписатель _f1913-2009 _gСергей Владимирович _9110194 _3RU\NLR\AUTH\7792 |
|
| 801 | 0 |
_aRU _bRKP _c20020828 _gPSBO |
|
| 801 | 1 |
_aRU _bRKP _c20020828 |
|
| 801 | 2 |
_aRU _bNLR _c20091225 _grcr |
|
| 942 | _cBOOK | ||
| 980 | _aNB | ||